00822nam a2200205 a 450000100100000000500170001000800410002704000250006810000550009324500920014826000500024030000210029049000370031150000630034850400300041183000440044104900090048595201050049499900170059900002234420240710123700.0101004s2005 dr 001 0 spa d aDO-SdBNPbspacBNPHU1 aMartínez Almanzar, Juan Franciscod1950 -91045910aPreguntas y respuestas sobre ciencias sociales /cJuan Francisco Martínez Almánzar. aSanto Domingo :bEditora 9 de Octubre,c2005. a199 p. ;c22 cm.1 aRecopilación sociológicasv3 aIncluye datos biográficos del autor en la contracubierta aBibliografía : p.[ 199] 0aRecopilación sociológicasv3946101 aBNPD 0010718PDaPDbPDcCTd2010-10-04iLF1l0o p22344-10r2020-06-25w2020-06-25yLFPDZNo se presta c21842d21842